| 000 | 00573nam a22002057a 4500 | ||
|---|---|---|---|
| 003 | OSt | ||
| 005 | 20240829100233.0 | ||
| 008 | 240829b |||||||| |||| 00| 0 eng d | ||
| 020 | _a0521784999 | ||
| 040 | _cMUST | ||
| 082 |
_222 _a381.34 BRA 2000 |
||
| 100 |
_aBraithwaite, John _919086 |
||
| 245 |
_aGlobal Business regulation _cJohn Braithwaite |
||
| 260 |
_aAustralia: _bCambridge, _c2000 |
||
| 300 |
_axvii, 704p. _bill. _c25cm |
||
| 504 | _aBibliography and indexes included | ||
| 650 | _2Foreign Trade regulation | ||
| 700 | _4Drahos, Peter | ||
| 942 |
_2ddc _cO_SHELF |
||
| 999 |
_c9341 _d9341 |
||